Suurimmat valtiot pinta-alan ja väkiluvun yhdistelmän mukaan - Statistics

Yleistilastot
  • Tätä visaa on pelattu 412 kertaa
  • Keskiarvotulos 16 / 20
Vastaustilastot
Keskiarvo Valtio % Oikein
2,5 Kiina
99%
3,5 Yhdysvallat
99%
5 Venäjä
98%
4 Intia
97%
6 Brasilia
93%
20 Kanada
91%
12 Meksiko
83%
21,5 Argentiina
82%
18,5 Nigeria
82%
9 Indonesia
79%
13 Kongon demokraattinen tasavalta
79%
21 Egypti
76%
24 Etelä-Afrikka
74%
19 Pakistan
74%
17 Iran
70%
21,5 Algeria
66%
18 Etiopia
62%
26,5 Kolumbia
58%
22 Sudan
58%
25,5 Tansania
45%
Ehtoja vastaavia visoja ei löytynyt
Tulosjakauma
Jokaisen tuloksen saaneiden osuus
Persentiili vastausten määrän mukaan
Tuloshistoriasi
Et ole pelannut tätä visaa